Companion piece / (Record no. 9527)
[ view plain ]
| 000 -LEADER | |
|---|---|
| fixed length control field | 01844cam a2200385 i 4500 |
| 001 - CONTROL NUMBER | |
| control field | 436924073 |
| 003 - CONTROL NUMBER IDENTIFIER | |
| control field | UkMaC |
| 005 - DATE AND TIME OF LATEST TRANSACTION | |
| control field | 20230411144649.0 |
| 008 - FIXED-LENGTH DATA ELEMENTS--GENERAL INFORMATION | |
| fixed length control field | 210830t20222022enk 000 f eng |
| 015 ## - NATIONAL BIBLIOGRAPHY NUMBER | |
| National bibliography number | 20210307625 |
| Source | can |
| National bibliography number | GBC217691 |
| Source | bnb |
| 016 7# - NATIONAL BIBLIOGRAPHIC AGENCY CONTROL NUMBER | |
| Record control number | 020480817 |
| Source | Uk |
| 020 ## - INTERNATIONAL STANDARD BOOK NUMBER | |
| International Standard Book Number | 9780241541357 |
| 035 ## - SYSTEM CONTROL NUMBER | |
| System control number | (OCoLC)1265725196 |
| Canceled/invalid control number | (OCoLC)1259508007 |
| -- | (OCoLC)1259511351 |
| System control number | (OCoLC)on1265725196 |
| System control number | (StEdALDL)1/4142105 |
| System control number | (UkCU)991006872129103606 |
| 040 ## - CATALOGING SOURCE | |
| Original cataloging agency | NLC |
| Language of cataloging | eng |
| Description conventions | rda |
| Transcribing agency | NLC |
| Modifying agency | NLC |
| -- | YDX |
| -- | ERASA |
| -- | UKMGB |
| -- | UkCU-CAI |
| 042 ## - AUTHENTICATION CODE | |
| Authentication code | lac |
| 050 #4 - LIBRARY OF CONGRESS CALL NUMBER | |
| Classification number | PZ |
| 055 #0 - CLASSIFICATION NUMBERS ASSIGNED IN CANADA | |
| Classification number | PR6069.M4213 |
| Item number | C66 2022 |
| 082 0# - DEWEY DECIMAL CLASSIFICATION NUMBER | |
| Classification number | 813.54 |
| Edition number | 23 |
| 084 ## - OTHER CLASSIFICATION NUMBER | |
| Classification number | cci1icc |
| Number source | lacc |
| 100 1# - MAIN ENTRY--PERSONAL NAME | |
| Personal name | Smith, Ali, |
| Dates associated with a name | 1962- |
| Relator term | author. |
| 245 10 - TITLE STATEMENT | |
| Title | Companion piece / |
| Statement of responsibility, etc. | Ali Smith. |
| 264 #1 - PRODUCTION, PUBLICATION, DISTRIBUTION, MANUFACTURE, AND COPYRIGHT NOTICE | |
| Place of production, publication, distribution, manufacture | UK : |
| Name of producer, publisher, distributor, manufacturer | Hamish Hamilton, an imprint of Penguin Books, |
| Date of production, publication, distribution, manufacture, or copyright notice | 2022. |
| Date of production, publication, distribution, manufacture, or copyright notice | ©2022. |
| 300 ## - PHYSICAL DESCRIPTION | |
| Extent | 229 pages ; |
| Dimensions | 23 cm. |
| 336 ## - CONTENT TYPE | |
| Content type term | text |
| Source | rdacontent. |
| 337 ## - MEDIA TYPE | |
| Media type term | unmediated |
| Source | rdamedia. |
| 338 ## - CARRIER TYPE | |
| Carrier type term | volume |
| Source | rdacarrier. |
| 520 ## - SUMMARY, ETC. | |
| Summary, etc. | "Autumn. Winter. Spring. Summer. What comes next when the world continues to change? With an eye for rendering the timely in a timeless way and enchanting readers with lyrical prose and grace, Ali Smith's ambitious Seasonal Quartet-a series of four stand-alone novels, separate but interconnected-artfully guided us through #MeToo, Brexit, the refugee crisis, a global pandemic, and more. Now, Smith's highly anticipated Companion Piece looks to the future and builds upon this "time-sensitive project." This new novel stands apart from the Quartet, which remains discrete unto itself. But like her groundbreaking series, it promises to capture the spirit of the times and offer a hopeful glimpse of the future."-- |
| Assigning source | Provided by publisher. |
| 942 ## - ADDED ENTRY ELEMENTS (KOHA) | |
| Source of classification or shelving scheme | Dewey Decimal Classification |
| Koha item type | Fiction |
| Withdrawn status | Lost status | Source of classification or shelving scheme | Damaged status | Not for loan | Collection code | Home library | Current library | Shelving location | Date acquired | Serial Enumeration / chronology | Total Checkouts | Total Renewals | Full call number | Barcode | Date last seen | Date last checked out | Price effective from | Koha item type |
|---|---|---|---|---|---|---|---|---|---|---|---|---|---|---|---|---|---|---|
| Dewey Decimal Classification | Fiction | RTC Library | RTC Library | Fiction | 11/04/2023 | 177372 | 1 | 1 | FIC 813.54 SMI | 30018636 | 20/03/2024 | 06/12/2023 | 11/04/2023 | Fiction |